000 00569 a2200193 4500
001 62199
005 20260407155915.0
008 260407a1957 arg spa d
003 AR-UNSa-BCEJYS
040 _aAR-UNSa-BCEJYS
_bspa
_cAR-UNSa-BCEJYS
080 _a331.105.44
_xOrganizaciones de empleados. Sindicatos
245 1 0 _aDerecho sindical y de previsión social
264 1 _aBuenos Aires :
_bVíctor P. de Zavalía
_c1957
300 _a430 p.
_c21 cm.
041 _aspa
942 _cBK
590 _aniveau_biblio:m niveau_hierar:0
100 1 _aDeveali, Mario L.
999 _c7598
_d7598